000 00274nam a2200121Ia 4500
008 221007s9999 xx 000 0 und d
041 _aeng
082 _bTHE
100 _aThe Times
_997002
245 _aTest Your IQ
260 _c2006
_bThe Times
_aMumbai
906 _bGeneral
999 _c61487
_d61487